Central Library OPAC University of Rajshahi

Mass media and mass culture : (Record no. 50155)

MARC details
000 -LEADER
fixed length control field 00945nam a2200289I 4500
001 - CONTROL NUMBER
control field 50155
003 - CONTROL NUMBER IDENTIFIER
rucl marc code BD-RJUL
005 - DATE AND TIME OF LATEST TRANSACTION
control field 20211209075451.0
008 - FIXED-LENGTH DATA ELEMENTS--GENERAL INFORMATION
fixed length control field 160824s1962 xx 000 0 eng u
035 ## - SYSTEM CONTROL NUMBER
System control number BD-RJUL 50275
System control number (OCoLC)00381507
System control number GLIS00518221
040 ## - CATALOGING SOURCE
Transcribing agency OSU
Modifying agency m.c.
-- RCD
Original cataloging agency BD-RjUL
Language of cataloging eng
041 ## - LANGUAGE CODE
Language code of text/sound track or separate title eng
082 ## - DEWEY DECIMAL CLASSIFICATION NUMBER
Edition number 23
Classification number 301.16
Author mark and year STM 1962
090 ## - LOCALLY ASSIGNED LC-TYPE CALL NUMBER (OCLC); LOCAL CALL NUMBER (OCLC)
Classification number (OCLC) (R) ; Classification number, CALL (RLIN) (NR) P91
Local cutter number (OCLC) ; Book number/undivided call number, CALL (RLIN) .S792
099 ## - LOCAL FREE-TEXT CALL NUMBER (OCLC)
Bangla Class number P91.S792
100 1# - MAIN ENTRY--PERSONAL NAME
Personal name Stanton, Frank,
Dates associated with a name 1908-2006.
9 (RLIN) 150338
245 10 - TITLE STATEMENT
Title Mass media and mass culture :
Remainder of title Great issues lecture at the Hopkins Center, Dartmouth College November 26, 1962 /
Statement of responsibility, etc. Frank Stanton
260 ## - PUBLICATION, DISTRIBUTION, ETC. (IMPRINT)
Place of publication, distribution, etc. [New York :
Name of publisher, distributor, etc. Columbia Broadcasting System,
Date of publication, distribution, etc. 1962
300 ## - PHYSICAL DESCRIPTION
Pagination 46 p. :
Illustrations ill. ;
Size 22 cm.
650 #0 - SUBJECT ADDED ENTRY--TOPICAL TERM
Topical term or geographic name as entry element Communication.
9 (RLIN) 150339
651 #0 - SUBJECT ADDED ENTRY--GEOGRAPHIC NAME
Geographic name United States
General subdivision Intellectual life.
9 (RLIN) 150340
710 2# - ADDED ENTRY--CORPORATE NAME
Corporate name or jurisdiction name as entry element Dartmouth College.
Title of a work Mass media and mass culture.
9 (RLIN) 150341
942 ## - ADDED ENTRY ELEMENTS (KOHA)
Source of classification or shelving scheme Dewey Decimal Classification
Koha item type Books
949 ## - LOCAL PROCESSING INFORMATION (OCLC)
a MYGH
Holdings
Lost status Source of classification or shelving scheme Damaged status Not for loan Collection code Permanent Location Current Location Shelving location Date acquired Source of acquisition Total Checkouts Full call number Date last seen Copy number Koha item type
  Dewey Decimal Classification     Non-fiction Central Library, University of Rajshahi Central Library, University of Rajshahi   11/04/1967 U. S. A.   301.16 STM 1962 24/08/2016 C-2 Books
  Dewey Decimal Classification     Non-fiction Central Library, University of Rajshahi Central Library, University of Rajshahi   11/04/1967 U. S. A.   301.16 STM 1962 24/08/2016 C-3 Books
  Dewey Decimal Classification     Non-fiction Central Library, University of Rajshahi Central Library, University of Rajshahi   11/04/1967 U. S. A.   301.16 STM 1962 24/08/2016 C-4 Books
  Dewey Decimal Classification   Not For Loan Non-fiction Central Library, University of Rajshahi Central Library, University of Rajshahi Reading Room 11/04/1967 U.S.A.,Gift   301.16 STM 1962 02/01/2017 C-1 Books